000 00540nam a2200217Ia 4500
003 0100
008 130303s9999 xx 000 0 und d
040 _cARRUPELIB
050 _aLB675.M5172G37
100 _aGarforth, F.W.
245 _aJohn Stuart Mill's theory of education
260 _aOxford
260 _bMartin Robertson
260 _C1979
300 _a269p.
300 _b 23 cm
440 _aIssues and ideas in education
650 _bGreat Britain - Colonies - Africa
650 _cImperialism
942 _2lcc
_03
999 _c65913
_d65913